书目信息 |
| 题名: |
电子政务
|
|
| 作者: | 陈德权 编著 | |
| 分册: | ||
| 出版信息: | 北京 清华大学出版社 2023 |
|
| 页数: | 301页 | |
| 开本: | 26cm | |
| 丛书名: | 高等院校公共管理类专业系列教材 | |
| 单 册: | ||
| 中图分类: | D035-39 | |
| 科图分类: | ||
| 主题词: | 电子政务--高等学校--教材 | |
| 电子资源: | ||
| ISBN: | 978-7-302-63356-3 | |
| 000 | 01033nam0 2200289 450 | |
| 001 | 012390842 | |
| 005 | 20230713095633.0 | |
| 010 | @a978-7-302-63356-3@dCNY59.00 | |
| 100 | @a20230703d2023 em y0chiy0120 ea | |
| 101 | 0 | @achi |
| 102 | @aCN@b110000 | |
| 105 | @ay z 000yy | |
| 106 | @ar | |
| 200 | 1 | @a电子政务@9dian zi zheng wu@e基础、框架与趋向@dThe electronic government affairs@f陈德权编著@zeng |
| 205 | @a2版 | |
| 210 | @a北京@c清华大学出版社@d2023 | |
| 215 | @a301页@d26cm | |
| 225 | @a高等院校公共管理类专业系列教材 | |
| 300 | @a高等院校公共管理类专业系列教材 | |
| 330 | @a本书共有十章,分别是电子政务基础概论、运行过程、技术体系与安全管理、网站建设与政务评价、政务服务网、电子监察与在线政民互动、法规政策建设、电子政务文化、智慧城市与智慧社区、电子政务趋向。 | |
| 510 | 1 | @aElectronic government affairs@zeng |
| 586 | @a | |
| 606 | 0 | @a电子政务@x高等学校@j教材 |
| 690 | @aD035-39@v5 | |
| 701 | 0 | @a陈德权@9chen de quan@4编著 |
| 801 | 0 | @aCN@c20230717 |
| 905 | @dD035-39@eC395=2@f1@sD035-39/C395=2@S@Z | |
| 电子政务:基础、框架与趋向=The electronic government affairs/陈德权编著.-2版.-北京:清华大学出版社,2023 |
| 301页;26cm.-(高等院校公共管理类专业系列教材) |
| 高等院校公共管理类专业系列教材 |
| ISBN 978-7-302-63356-3:CNY59.00 |
| 本书共有十章,分别是电子政务基础概论、运行过程、技术体系与安全管理、网站建设与政务评价、政务服务网、电子监察与在线政民互动、法规政策建设、电子政务文化、智慧城市与智慧社区、电子政务趋向。 |
| ● |
| 相关链接 |
|
|
|
正题名:电子政务
索取号:D035-39/C395=2
 
预约/预借
| 序号 | 登录号 | 条形码 | 馆藏地/架位号 | 状态 | 备注 |
| 1 | 21618313 | 216183136 | 社科库509/509社科库 67排8列6层/ [索取号:D035-39/C395=2] | 在馆 |